[Event "28th Pula Open 2014"]
[Site "Pula CRO"]
[Date "2014.06.08"]
[Round "2.25"]
[White "Martic, Slavko"]
[Black "Beletic, Daniel"]
[Result "0-1"]
[WhiteElo "2024"]
[BlackElo "2270"]
[WhiteFideId "14514729"]
[BlackFideId "14602709"]
[EventDate "2014.06.07"]
[EventType "swiss"]

1. e4 c5 2. Nf3 d6 3. d4 cxd4 4. Nxd4 Nf6 5. Nc3 g6 6. Be2 Bg7 7. Be3 Nc6 8. Nb3
O-O 9. h4 h5 10. f3 a5 11. a3 a4 12. Nd4 Nxd4 13. Bxd4 e5 14. Be3 Be6 15. Qd2 d5
16. exd5 Nxd5 17. Nxd5 Qxd5 18. Qxd5 Bxd5 19. O-O-O Bc6 20. Bc4 e4 21. fxe4 Bxe4
22. Bd5 Rfe8 23. Bxe4 Rxe4 24. Bg5 Rg4 25. Rhf1 Rf8 26. Rf4 Be5 27. Rxg4 hxg4
28. Be7 Rc8 29. Rd7 Rc7 30. Rd8+ Kg7 31. Bf8+ Kf6 32. Bd6 Bxd6 33. Rxd6+ Ke5 34.
Rd3 f5 35. Re3+ Kf4 36. Rd3 Ke4 37. Kd2 f4 38. c3 Re7 39. Ke2 Re5 40. Rd4+ Kf5+
41. Kf1 Rb5 42. Rd2 g3 43. Ke2 Kg4 44. Kf1 Kxh4 45. Rd4 Kg4 46. Rxa4 Rxb2 47.
Rb4 Rf2+ 48. Kg1 Rc2 49. Kf1 Rc1+ 50. Ke2 Rg1 51. Rxb7 Rxg2+ 52. Kd3 Ra2 0-1

[Event "28th Pula Open 2014"]
[Site "Pula CRO"]
[Date "2014.06.09"]
[Round "3.1"]
[White "Beletic, Daniel"]
[Black "Jovanovic, Zoran"]
[Result "1/2-1/2"]
[BlackTitle "GM"]
[WhiteElo "2270"]
[BlackElo "2556"]
[WhiteFideId "14602709"]
[BlackFideId "14505320"]
[EventDate "2014.06.07"]
[EventType "swiss"]

1. d4 d6 2. Nf3 g6 3. c3 Nf6 4. Bg5 Bg7 5. Nbd2 O-O 6. e4 Nbd7 7. Bd3 e5 8. O-O
h6 9. Bh4 g5 10. Bg3 Nh5 11. Bc2 Nxg3 12. hxg3 exd4 13. Nxd4 Ne5 14. Qe2 c5 15.
N4f3 Bg4 16. Nc4 Nxc4 17. Qxc4 b5 18. Qxb5 Rb8 19. Qd3 Rxb2 20. e5 Re8 21. exd6
c4 22. Qh7+ Kf8 23. Ba4 Re6 24. Nd4 Bxd4 25. cxd4 Qf6 26. d7 Rb8 27. Qc2 Rd6 28.
Qxc4 Bxd7 29. Bxd7 Rxd7 30. Rad1 1/2-1/2

[Event "28th Pula Open 2014"]
[Site "Pula CRO"]
[Date "2014.06.09"]
[Round "3.2"]
[White "Bosiocic, Marin"]
[Black "Sevo, Igor"]
[Result "1-0"]
[WhiteTitle "GM"]
[WhiteElo "2543"]
[BlackElo "2259"]
[WhiteFideId "14507927"]
[BlackFideId "14503174"]
[EventDate "2014.06.07"]
[EventType "swiss"]

1. d4 c5 2. d5 Nf6 3. Nc3 e5 4. e4 d6 5. Bb5+ Bd7 6. a4 a6 7. Bxd7+ Nbxd7 8. a5
Be7 9. Nf3 O-O 10. Nd2 Ne8 11. h4 Nc7 12. Nc4 Nb5 13. Na4 f5 14. Nab6 Nxb6 15.
Nxb6 Rb8 16. c3 Qe8 17. exf5 Rxf5 18. Qg4 Qf7 19. Be3 Rf8 20. O-O-O Bd8 21. Nc4
h5 22. Qe4 Rf6 23. g4 hxg4 24. Rhg1 Qh5 25. Qxg4 Qxg4 26. Rxg4 Rf5 27. Nd2 Rh5
28. Ne4 Rxh4 29. Rxh4 Bxh4 30. c4 Nd4 31. Nxd6 Bxf2 32. Bxf2 Rxf2 33. Kb1 Kf8
34. Nxb7 g5 35. d6 Ke8 36. Nxc5 g4 37. Rh1 Nc6 38. Rh6 Kf7 39. d7 g3 40. Rxc6 g2
41. d8=Q 1-0

[Event "28th Pula Open 2014"]
[Site "Pula CRO"]
[Date "2014.06.09"]
[Round "3.3"]
[White "Fucak, Emilijo"]
[Black "Fercec, Nenad"]
[Result "0-1"]
[WhiteTitle "FM"]
[BlackTitle "GM"]
[WhiteElo "2258"]
[BlackElo "2495"]
[WhiteFideId "14501023"]
[BlackFideId "14500299"]
[EventDate "2014.06.07"]
[EventType "swiss"]

1. Nf3 d5 2. d4 c5 3. e3 Nf6 4. Bb5+ Nc6 5. Ne5 Qc7 6. c3 e6 7. Qa4 Bd7 8. Nxd7
Nxd7 9. Nd2 Bd6 10. Nb3 c4 11. Bxc6 bxc6 12. Na5 Rc8 13. b4 O-O 14. f4 Nf6 15.
Qc2 Nd7 16. O-O f5 17. Bd2 Nf6 18. a3 Rb8 19. Ra2 Ne4 20. Be1 Qd7 21. g4 Bc7 22.
gxf5 exf5 23. Qa4 Rb5 24. Rg2 a6 25. Kh1 Bxa5 26. bxa5 Qc7 27. Rfg1 Rf7 28. Qd1
Qe7 29. a4 Rb3 30. Qh5 Qe6 31. Qh4 Qf6 32. Qh3 Rb1 33. Qh5 Qe7 34. h3 Qe6 35.
Kh2 Rfb7 36. Qh4 h6 37. Qd8+ Kh7 38. Qf8 Qf6 39. Qc8 R7b2 40. Rxb2 Rxb2+ 41. Kh1
Qf7 42. Qxc6 Qh5 0-1

[Event "28th Pula Open 2014"]
[Site "Pula CRO"]
[Date "2014.06.09"]
[Round "3.4"]
[White "Jovanic, Ognjen"]
[Black "Zierke, Oliver"]
[Result "0-1"]
[WhiteTitle "GM"]
[BlackTitle "FM"]
[WhiteElo "2489"]
[BlackElo "2253"]
[WhiteFideId "14504081"]
[BlackFideId "4607244"]
[EventDate "2014.06.07"]
[EventType "swiss"]

1. d4 d5 2. c4 e6 3. Nf3 c5 4. cxd5 exd5 5. g3 Nc6 6. Bg2 Nf6 7. O-O Be7 8. Nc3
O-O 9. Bf4 Be6 10. dxc5 Bxc5 11. Rc1 Bb6 12. Ng5 Bg4 13. h3 Bc8 14. Na4 h6 15.
Nf3 Re8 16. Nxb6 Qxb6 17. b3 Qa6 18. Nd4 Nxd4 19. Qxd4 Rxe2 20. a4 Re8 21. g4
Qb6 22. Qxb6 axb6 23. Rfd1 Bd7 24. Rc7 Bc6 25. g5 hxg5 26. Bxg5 Ne4 27. Be3 Nc3
28. Rd2 b5 29. Bd4 Ne2+ 30. Kf1 bxa4 31. Rxe2 Bb5 32. Bf3 a3 33. Ke1 Bxe2 34.
Bxe2 Re4 35. Ba1 Rae8 36. Rc2 d4 37. f3 d3 38. fxe4 dxc2 39. Kd2 Rxe4 40. Bf3
Re1 0-1

[Event "28th Pula Open 2014"]
[Site "Pula CRO"]
[Date "2014.06.09"]
[Round "3.5"]
[White "Veszpremi, Andras"]
[Black "Tratar, Marko"]
[Result "1/2-1/2"]
[BlackTitle "GM"]
[WhiteElo "2236"]
[BlackElo "2484"]
[WhiteFideId "730270"]
[BlackFideId "14600684"]
[EventDate "2014.06.07"]
[EventType "swiss"]

1. e4 e6 2. d4 d5 3. exd5 exd5 4. c4 Nf6 5. Nc3 Bb4 6. Nf3 O-O 7. Be2 dxc4 8.
Bxc4 Nc6 9. O-O Bg4 10. Be3 Rb8 11. Be2 Nd5 12. Nxd5 Qxd5 13. a3 Ba5 14. h3 Bh5
15. Rc1 Bb6 16. Bc4 Qd6 17. g4 Bg6 18. Bb5 Ne7 19. Ne5 Nd5 20. Bc4 Nxe3 21. fxe3
c5 22. Qb3 cxd4 23. Bxf7+ Kh8 24. Nxg6+ hxg6 25. exd4 Qxd4+ 26. Kh1 Qe4+ 27. Qf3
Qxf3+ 1/2-1/2

[Event "28th Pula Open 2014"]
[Site "Pula CRO"]
[Date "2014.06.09"]
[Round "3.6"]
[White "Kovacevic, Blazimir"]
[Black "Muskardin, Mario"]
[Result "0-1"]
[WhiteTitle "IM"]
[WhiteElo "2474"]
[BlackElo "2248"]
[WhiteFideId "14502712"]
[BlackFideId "14518180"]
[EventDate "2014.06.07"]
[EventType "swiss"]

1. d4 Nf6 2. Bg5 c5 3. Bxf6 gxf6 4. dxc5 Qa5+ 5. Nc3 Bg7 6. e3 f5 7. Ne2 Qxc5 8.
g3 Nc6 9. Bg2 e6 10. O-O d5 11. Rc1 O-O 12. Qd2 b5 13. Rfd1 b4 14. Na4 Qa5 15.
b3 Bd7 16. c4 bxc3 17. Nexc3 Rfc8 18. Qe2 Ne7 19. Qd3 Rab8 20. Bf1 Rc7 21. Qa6
Qb4 22. Nxd5 Nxd5 23. Rxd5 Rxc1 24. Rxd7 Qe1 25. Qd3 Bf6 26. Nb2 Bxb2 27. Rd8+
Kg7 28. Rxb8 Rd1 29. Qc4 Be5 0-1

[Event "28th Pula Open 2014"]
[Site "Pula CRO"]
[Date "2014.06.09"]
[Round "3.7"]
[White "Nordenbaek, Jan"]
[Black "Zufic, Miroslav"]
[Result "0-1"]
[BlackTitle "IM"]
[WhiteElo "2226"]
[BlackElo "2470"]
[WhiteFideId "1401475"]
[BlackFideId "14506157"]
[EventDate "2014.06.07"]
[EventType "swiss"]

1. e4 c5 2. Nf3 d6 3. d4 cxd4 4. Nxd4 Nf6 5. Nc3 a6 6. Bg5 Nbd7 7. Bc4 Qa5 8.
Qd2 e6 9. f4 b5 10. Nb3 Qc7 11. Bd3 Bb7 12. a3 Be7 13. O-O-O O-O 14. Kb1 Rfe8
15. Qe2 e5 16. Rhf1 h6 17. Bxf6 Bxf6 18. Bxb5 axb5 19. Nxb5 Qb6 20. Rxd6 Bc6 21.
Nc3 exf4 22. Nd5 Qb5 23. Qd1 Be5 24. Nc7 Qb7 25. Nxe8 Rxe8 26. Rd2 Nf6 27. Ka2
Bxe4 28. Re1 Bd5 29. Rde2 Ne4 30. Kb1 f5 31. Rf1 Kh7 32. Rf3 Bc4 33. Re1 Re7 34.
g3 Ng5 35. Rf2 f3 36. Ka2 Be2 37. Rfxe2 fxe2 38. Rxe2 Ne4 39. Qf1 g6 40. Qg2 Bg7
41. h4 h5 42. Kb1 Nxg3 0-1

[Event "28th Pula Open 2014"]
[Site "Pula CRO"]
[Date "2014.06.09"]
[Round "3.8"]
[White "Fodor, Tamas Jr."]
[Black "Skreno, Vladimir"]
[Result "1/2-1/2"]
[WhiteTitle "GM"]
[WhiteElo "2462"]
[BlackElo "2237"]
[WhiteFideId "723762"]
[BlackFideId "14902893"]
[EventDate "2014.06.07"]
[EventType "swiss"]

1. d4 Nf6 2. c4 g6 3. Nc3 Bg7 4. e4 d6 5. Nf3 O-O 6. Be2 e5 7. Be3 Ng4 8. Bg5 f6
9. Bc1 f5 10. dxe5 Nxe5 11. exf5 Rxf5 12. Nd4 Rf8 13. Be3 Nbc6 14. O-O Nxd4 15.
Bxd4 Be6 16. Nd5 c6 17. Ne3 Rf4 18. Bxe5 Bxe5 19. g3 Rf7 20. Bg4 Bxg4 21. Nxg4
Bg7 22. Qd2 Qf8 23. Rad1 Rd8 24. b3 Rf3 25. Qa5 a6 26. Ne3 Rd7 27. Ng2 Rdf7 28.
Qd2 Rd7 29. Nf4 Be5 30. Ne6 Qe7 31. Ng5 Bc3 32. Qc1 Bb2 33. Qxb2 Qxg5 34. Qe2
Rff7 35. f4 Qc5+ 36. Kh1 Rde7 37. Qd2 Re6 38. Rfe1 1/2-1/2

[Event "28th Pula Open 2014"]
[Site "Pula CRO"]
[Date "2014.06.09"]
[Round "3.9"]
[White "Brinovec, Dusan"]
[Black "Drazic, Sinisa"]
[Result "0-1"]
[BlackTitle "GM"]
[WhiteElo "2201"]
[BlackElo "2433"]
[WhiteFideId "14603489"]
[BlackFideId "901172"]
[EventDate "2014.06.07"]
[EventType "swiss"]

1. d4 g6 2. Nf3 Bg7 3. c4 Nf6 4. Nc3 d5 5. e3 O-O 6. Be2 b6 7. O-O Bb7 8. b3 c5
9. Ba3 dxc4 10. dxc5 Nfd7 11. Rc1 Nxc5 12. Bxc5 bxc5 13. Bxc4 Qa5 14. Na4 Rd8
15. Qe2 e6 16. Ng5 Nd7 17. Rfd1 Bc6 18. Bxe6 fxe6 19. Nxe6 Re8 20. Naxc5 Re7 21.
Qd3 Rae8 22. Nxg7 Rxg7 23. Qd6 Nb8 24. a4 Rf7 25. Qd4 Qc7 26. b4 Qe7 27. Qd6 Qg5
28. Qg3 Qf6 29. Rd4 a6 30. h4 Ba8 31. Rcd1 Qf5 32. Rd8 Rff8 33. Rxe8 Rxe8 34. e4
Bxe4 35. Qb3+ Qf7 36. Qxf7+ Kxf7 37. Rd6 Bc6 38. h5 Re1+ 39. Kh2 Ke7 40. Rd4
gxh5 41. b5 axb5 42. axb5 Re5 43. bxc6 Rxc5 44. c7 Nd7 45. Rd5 Rxc7 46. Rxh5 Nf6
47. Ra5 Ke6 48. f3 Nd5 49. g3 Ke5 50. Kh3 Rc6 51. Kg4 Rg6+ 52. Kh4 Kd4 53. g4
Rg7 54. Kg3 Nc3 55. Rf5 Ne2+ 56. Kf2 Kd3 57. Rf8 Nd4 58. Kg3 Re7 59. g5 Re5 60.
f4 Re3+ 61. Kg4 Re1 62. Kg3 Rg1+ 63. Kf2 Rg4 64. Rf7 Rh4 65. Kg3 Rh1 66. Kg2 Rh5
67. Kg3 Ke4 68. Re7+ Kf5 69. Re5+ Kg6 70. Kg4 Rh1 71. Ra5 Rg1+ 72. Kh3 Ne2 73.
Ra6+ Kf5 74. Rf6+ Ke4 75. Kh2 Kf3 76. g6 Rg4 77. Kh3 Ng1+ 0-1

[Event "28th Pula Open 2014"]
[Site "Pula CRO"]
[Date "2014.06.09"]
[Round "3.11"]
[White "Maier, Christian"]
[Black "Bostl, Frantisek"]
[Result "0-1"]
[WhiteTitle "IM"]
[WhiteElo "2369"]
[BlackElo "2198"]
[WhiteFideId "4601955"]
[BlackFideId "314579"]
[EventDate "2014.06.07"]
[EventType "swiss"]

1. e4 c5 2. Nf3 e6 3. b3 b6 4. Bb2 Bb7 5. e5 d5 6. d4 Nc6 7. a3 cxd4 8. Bd3 Nge7
9. O-O Ng6 10. Re1 Be7 11. Nxd4 Nxd4 12. Bxd4 O-O 13. Nd2 Bc5 14. Bxc5 bxc5 15.
Qh5 c4 16. Bf1 cxb3 17. cxb3 Qb6 18. Nf3 h6 19. Qg4 Ba6 20. Bxa6 Qxa6 21. Nd4
Rac8 22. Re3 Qxa3 23. Qd1 Qb4 24. g3 a5 25. Ra4 Qb6 26. h4 Rc5 27. h5 Qc7 28.
Qe2 Ne7 29. g4 Rb8 30. g5 hxg5 31. Rg3 Nf5 32. Rxg5 Rc1+ 33. Kh2 Nxd4 34. Rxd4
f6 35. Rg3 Qxe5 36. Qg4 f5 37. Qg5 Qxd4 38. Qxc1 Qxf2+ 39. Kh3 f4 40. Rc3 0-1

[Event "28th Pula Open 2014"]
[Site "Pula CRO"]
[Date "2014.06.09"]
[Round "3.12"]
[White "Bontempi, Piero"]
[Black "Kolesar, Milan"]
[Result "1-0"]
[WhiteTitle "FM"]
[BlackTitle "FM"]
[WhiteElo "2361"]
[BlackElo "2176"]
[WhiteFideId "809250"]
[BlackFideId "14900130"]
[EventDate "2014.06.07"]
[EventType "swiss"]

1. e4 c5 2. b3 Nc6 3. Bb2 Nf6 4. e5 Nd5 5. Nf3 d6 6. Bb5 Bg4 7. h3 Bh5 8. Na3
Nc7 9. Bxc6+ bxc6 10. Nc4 d5 11. Ne3 e6 12. c4 Be7 13. d3 O-O 14. Qe2 a5 15. O-O
Na6 16. Rfd1 Bg6 17. g4 a4 18. bxa4 Qa5 19. Ng2 Qxa4 20. Nf4 Rfb8 21. Rd2 Rb7
22. Kh2 Rab8 23. a3 Rb3 24. h4 h6 25. Rg1 Qa5 26. Rg3 Qb6 27. Bc1 Rb1 28. Rd1
Qc7 29. h5 Bh7 30. Rdg1 Kh8 31. g5 Bf5 32. gxh6 gxh6 33. Qd2 dxc4 34. Nxe6 Bg5
35. Nexg5 hxg5 36. Qxg5 1-0

[Event "28th Pula Open 2014"]
[Site "Pula CRO"]
[Date "2014.06.09"]
[Round "3.13"]
[White "Kersic, Matej"]
[Black "Schnider, Gert"]
[Result "0-1"]
[BlackTitle "FM"]
[WhiteElo "2159"]
[BlackElo "2354"]
[WhiteFideId "14605848"]
[BlackFideId "1606310"]
[EventDate "2014.06.07"]
[EventType "swiss"]

1. e4 e5 2. Nf3 Nc6 3. Bc4 Bc5 4. d3 Nf6 5. c3 a6 6. Bb3 Ba7 7. O-O d6 8. Nbd2
O-O 9. Re1 Ng4 10. Re2 Kh8 11. Nf1 f5 12. h3 Nf6 13. exf5 Bxf5 14. Ng3 Bd7 15.
Be3 Bxe3 16. Rxe3 Ne7 17. d4 Nfd5 18. Re1 exd4 19. Nxd4 Nf4 20. Be6 Neg6 21.
Bxd7 Qxd7 22. Qg4 Qf7 23. Nf3 Nxg2 24. Kxg2 Qxf3+ 25. Qxf3 Nh4+ 26. Kf1 Nxf3 27.
Re7 Rac8 28. Rd1 Kg8 29. Rd3 Ne5 30. Re3 Rf7 31. Rxf7 Kxf7 32. b3 Re8 33. Nh5 g6
34. Nf4 Nd7 35. Rf3 Kg7 36. Nd5 c6 37. Ne3 Ne5 38. Rg3 Rf8 39. Ke2 Rf4 40. Ng2
Rf6 41. Re3 Kf7 42. Rg3 d5 43. Ne3 Nd7 44. Nf1 Re6+ 45. Kd1 Nc5 46. Nd2 Ne4 47.
Nxe4 Rxe4 48. Kd2 Ke6 49. Rf3 Re5 50. a4 Rf5 51. Re3+ Kd6 52. Ke2 Re5 53. f4
Rxe3+ 54. Kxe3 b6 55. b4 c5 0-1

[Event "28th Pula Open 2014"]
[Site "Pula CRO"]
[Date "2014.06.09"]
[Round "3.14"]
[White "Dauth, Benjamin"]
[Black "Pregarac, Valter"]
[Result "1/2-1/2"]
[WhiteTitle "FM"]
[WhiteElo "2345"]
[BlackElo "2160"]
[WhiteFideId "4688104"]
[BlackFideId "14602610"]
[EventDate "2014.06.07"]
[EventType "swiss"]

1. e4 e5 2. Bc4 Nf6 3. d4 exd4 4. Nf3 Nc6 5. O-O Nxe4 6. Re1 d5 7. Bxd5 Qxd5 8.
Nc3 Qh5 9. Nxe4 Be6 10. Bg5 Bd6 11. Nxd6+ cxd6 12. Bf4 Qd5 13. c4 Qxc4 14. Bxd6
Qd5 15. Be5 O-O 16. Bxd4 Rfd8 17. Be3 Qxd1 18. Rexd1 Bxa2 19. Nd4 Nxd4 20. Rxd4
Rxd4 21. Bxd4 Rd8 22. Bxa7 Rd2 23. b4 Rb2 24. f3 Rb1+ 25. Rxb1 Bxb1 26. Kf2 b5
27. Ke3 f6 28. Kd4 Kf7 29. Kc5 Bd3 30. Kd6 1/2-1/2

[Event "28th Pula Open 2014"]
[Site "Pula CRO"]
[Date "2014.06.09"]
[Round "3.15"]
[White "Schaffert, Walter"]
[Black "Mihalincic, Tomislav"]
[Result "1/2-1/2"]
[BlackTitle "FM"]
[WhiteElo "2027"]
[BlackElo "2317"]
[WhiteFideId "12926795"]
[BlackFideId "14503867"]
[EventDate "2014.06.07"]
[EventType "swiss"]

1. e4 e5 2. Nf3 Nc6 3. Bc4 Bc5 4. c3 Nf6 5. d3 a6 6. O-O Ba7 7. Nbd2 d6 8. a4
O-O 9. Re1 Ne7 10. Nf1 c6 11. Ba2 Ng6 12. Be3 Bxe3 13. fxe3 d5 14. Ng3 h6 15. b4
Bg4 16. h3 Be6 17. a5 Qc7 18. Qc2 Rfe8 19. Rad1 c5 20. exd5 Bxd5 21. Bxd5 Nxd5
22. Qb3 Rad8 23. Ne4 cxb4 24. cxb4 Kh7 25. Rc1 Qd7 26. Nc5 Qb5 27. Rc4 Re7 28.
Kh2 Nc7 29. d4 f5 30. e4 f4 1/2-1/2

[Event "28th Pula Open 2014"]
[Site "Pula CRO"]
[Date "2014.06.09"]
[Round "3.16"]
[White "Kocevar, Tugomir"]
[Black "Franciskovic, Borka"]
[Result "1/2-1/2"]
[BlackTitle "WIM"]
[WhiteElo "2004"]
[BlackElo "2310"]
[WhiteFideId "14607948"]
[BlackFideId "14507943"]
[EventDate "2014.06.07"]
[EventType "swiss"]

1. e4 c6 2. d4 d5 3. e5 Bf5 4. Bd3 Bxd3 5. Qxd3 e6 6. Nf3 Qa5+ 7. Bd2 Qa6 8.
Qxa6 Nxa6 9. a3 Ne7 10. Bb4 Rc8 11. Bxe7 Bxe7 12. b4 Nb8 13. c3 Nd7 14. Nbd2 b6
15. Ke2 O-O 16. Ne1 f6 17. f4 fxe5 18. fxe5 c5 19. Nef3 cxd4 20. cxd4 Rc3 21.
Rhc1 Rfc8 22. Nb3 h6 23. Kd2 R3c4 24. Rxc4 dxc4 25. Nc1 b5 26. Ne2 Nb6 27. Nc3
a6 28. h4 Rf8 29. Ke3 g5 30. hxg5 hxg5 31. Nd2 Rf4 32. g3 Rf8 33. Rf1 Rxf1 34.
Nxf1 Nd5+ 35. Nxd5 exd5 36. g4 Kf7 1/2-1/2

[Event "28th Pula Open 2014"]
[Site "Pula CRO"]
[Date "2014.06.09"]
[Round "3.17"]
[White "Doric, Nenad"]
[Black "Blagojevic, Marijan"]
[Result "1-0"]
[WhiteTitle "IM"]
[WhiteElo "2303"]
[BlackElo "2143"]
[WhiteFideId "14501694"]
[BlackFideId "14513960"]
[EventDate "2014.06.07"]
[EventType "swiss"]

1. d4 Nf6 2. Bg5 Ne4 3. Bf4 c5 4. f3 Qa5+ 5. c3 Nf6 6. d5 e6 7. e4 exd5 8. exd5
Qb6 9. Na3 d6 10. Nc4 Qc7 11. Qe2+ Kd8 12. O-O-O b5 13. Ne3 a6 14. g4 Nbd7 15.
h4 Nb6 16. Qh2 Be7 17. Bd3 g6 18. h5 Re8 19. Nh3 Bb7 20. hxg6 hxg6 21. Ng5 Bf8
22. Qh4 Kc8 23. Ne6 fxe6 24. Qxf6 Nxd5 25. Qxg6 Qd7 26. Nxd5 Bxd5 27. Be4 Bxe4
28. fxe4 e5 29. Be3 Qe6 30. Qxe6+ Rxe6 31. Rdf1 Be7 32. Rh8+ Kb7 33. Rxa8 Kxa8
34. Rh1 Kb7 35. Rh6 Rf6 36. Rxf6 Bxf6 37. Bh6 1-0

[Event "28th Pula Open 2014"]
[Site "Pula CRO"]
[Date "2014.06.09"]
[Round "3.18"]
[White "Jusic, Zdenko"]
[Black "Drobnic, Milan"]
[Result "1-0"]
[WhiteTitle "IM"]
[WhiteElo "2289"]
[BlackElo "1806"]
[WhiteFideId "14501902"]
[BlackFideId "14613344"]
[EventDate "2014.06.07"]
[EventType "swiss"]

1. e4 d6 2. d4 Nf6 3. Nc3 Nbd7 4. g4 h6 5. h4 e5 6. Bh3 c6 7. g5 Ng8 8. Nf3 Qc7
9. Be3 Nb6 10. Bxc8 Rxc8 11. h5 hxg5 12. Bxg5 Be7 13. Bxe7 Qxe7 14. Ne2 g5 15.
Ng3 Nh6 16. Qd2 f6 17. O-O-O Nc4 18. Qe2 b5 19. Nh2 Qe6 20. Kb1 O-O 21. f3 exd4
22. Rxd4 Qe5 23. Qf2 c5 24. Rxc4 bxc4 25. Ne2 Rb8 26. c3 Rb7 27. Rd1 Rfb8 28.
Rd2 a5 29. Nf1 Qe8 30. Ne3 Qxh5 31. Nxc4 Qh1+ 32. Nc1 Nf7 33. Nxa5 Rb6 34. Nc4
Ra6 35. Qe2 Rba8 36. Rd1 Qh3 37. Ne3 Qe6 38. Rd5 Ne5 39. Nf5 R8a7 40. b3 Ng6 41.
Qb5 Ne7 42. Qe8+ Kh7 43. Rd1 Rxa2 44. Rh1+ 1-0

[Event "28th Pula Open 2014"]
[Site "Pula CRO"]
[Date "2014.06.09"]
[Round "3.19"]
[White "Crnkovic, Zdravko"]
[Black "Kaczur, Florian"]
[Result "0-1"]
[WhiteElo "2002"]
[BlackElo "2289"]
[WhiteFideId "14507854"]
[BlackFideId "705098"]
[EventDate "2014.06.07"]
[EventType "swiss"]

1. e4 c5 2. f4 Nc6 3. Nf3 Nf6 4. d3 d6 5. c3 g6 6. Be2 Bg7 7. O-O O-O 8. Kh1 Rb8
9. Na3 b5 10. Bd2 a5 11. Nc2 b4 12. Rb1 Ba6 13. c4 e6 14. b3 d5 15. e5 Ne8 16.
Be3 Qe7 17. cxd5 exd5 18. d4 Bxe2 19. Qxe2 f6 20. Qa6 Qe6 21. dxc5 Nc7 22. Qd3
fxe5 23. fxe5 Nxe5 24. Nxe5 Qxe5 25. Nd4 Rxf1+ 26. Rxf1 Re8 27. Bg1 Qe4 28. Qxe4
dxe4 29. Re1 Nd5 30. g3 e3 31. Nc6 Bc3 32. Re2 Bd2 33. Nxa5 Nc3 34. Bxe3 Bxe3
35. Re1 Kf7 36. Nb7 Nb5 37. Rd1 Re7 38. Nd8+ Ke8 39. Nc6 Re6 40. Rd8+ Kf7 41.
Rd7+ Kg8 42. Ne7+ Kf8 43. Nd5 Bxc5 44. Rxh7 Re2 45. Nf4 Rxa2 46. Ne6+ Kg8 47.
Rb7 Nd4 48. Nxd4 Bxd4 49. Rxb4 Rd2 50. Rb7 Rb2 51. h4 Be5 52. h5 gxh5 53. Rb5
Re2 54. Rd5 Kf7 55. Rd7+ Kf6 56. Rd8 Kf5 57. Kg1 Rb2 58. Rf8+ Kg4 59. Rf2 Rb1+
60. Kg2 Bd4 61. Rc2 h4 0-1

[Event "28th Pula Open 2014"]
[Site "Pula CRO"]
[Date "2014.06.09"]
[Round "3.20"]
[White "Mrdjen, David"]
[Black "Yrjola, Jouni"]
[Result "0-1"]
[BlackTitle "GM"]
[WhiteElo "1982"]
[BlackElo "2366"]
[WhiteFideId "14503956"]
[BlackFideId "500011"]
[EventDate "2014.06.07"]
[EventType "swiss"]

1. e4 c5 2. Nf3 d6 3. d4 cxd4 4. Nxd4 Nf6 5. Nc3 a6 6. Bg5 Nbd7 7. Bc4 Qb6 8.
Qd2 Qxb2 9. Rb1 Qa3 10. O-O Qa5 11. Kh1 e6 12. f4 Be7 13. f5 e5 14. Nf3 h6 15.
Bh4 Qd8 16. Bf2 O-O 17. Rb3 Qc7 18. Bd5 Nc5 19. Ra3 Rb8 20. Be3 Kh7 21. Qe2 b5
22. Bxc5 dxc5 23. Nd1 c4 24. Ng5+ Kg8 25. Ne6 fxe6 0-1

[Event "28th Pula Open 2014"]
[Site "Pula CRO"]
[Date "2014.06.09"]
[Round "3.21"]
[White "Rukavina, Josip"]
[Black "Roth, Josef"]
[Result "1-0"]
[WhiteTitle "IM"]
[WhiteElo "2410"]
[BlackElo "2115"]
[WhiteFideId "14500191"]
[BlackFideId "4609778"]
[EventDate "2014.06.07"]
[EventType "swiss"]

1. Nf3 d5 2. c4 e6 3. d4 c5 4. e3 Nf6 5. a3 a6 6. Nc3 Nc6 7. dxc5 Bxc5 8. b4 Ba7
9. Bb2 O-O 10. Qc2 Qe7 11. Rd1 Rd8 12. Be2 dxc4 13. Rxd8+ Nxd8 14. Bxc4 b5 15.
Bd3 Bb7 16. Ng5 h6 17. Nge4 Nxe4 18. Nxe4 Rc8 19. Qe2 Bxe4 20. Bxe4 Nb7 21. O-O
Nd6 22. Bd3 Bb8 23. g3 Ne8 24. Qf3 Nf6 25. Rd1 e5 26. Qa8 Qe6 27. Qb7 Re8 28.
Rd2 h5 29. Bf1 h4 30. Bg2 hxg3 31. hxg3 1-0

[Event "28th Pula Open 2014"]
[Site "Pula CRO"]
[Date "2014.06.09"]
[Round "3.22"]
[White "Kastelic, Marian"]
[Black "Vrhovnik, Damir"]
[Result "0-1"]
[WhiteTitle "FM"]
[WhiteElo "2311"]
[BlackElo "2095"]
[WhiteFideId "14602245"]
[BlackFideId "14526956"]
[EventDate "2014.06.07"]
[EventType "swiss"]

1. e4 c5 2. Nf3 d6 3. d4 cxd4 4. Nxd4 Nf6 5. Nc3 g6 6. f4 Nc6 7. Nf3 Bg7 8. Bd3
Qb6 9. Qe2 O-O 10. Bd2 Bg4 11. O-O-O Nd4 12. Qf1 Nd7 13. Kb1 Rac8 14. Nd5 Qd8
15. Ne3 Bxf3 16. gxf3 Nc5 17. h4 Nxd3 18. cxd3 Nb5 19. Ka1 Na3 20. Bb4 Nc2+ 21.
Nxc2 Rxc2 22. d4 Qb6 23. Bc3 Rc8 24. Rb1 Bxd4 25. Bxd4 Qxd4 26. h5 Qf2 27. Qh3
Qg2 28. Qh4 g5 29. fxg5 Qf2 30. Qh3 Qg2 31. Qh4 Qf2 32. Qg4 Qg2 33. Qd7 Qxh1 34.
Qxc8+ Rxc8 35. Rxh1 Kg7 36. Kb1 Rc5 37. f4 Rc4 38. Re1 h6 39. b3 Rc5 40. Rg1 Rc3
41. Rc1 Rxc1+ 42. Kxc1 e5 43. fxe5 dxe5 44. gxh6+ Kxh6 45. Kd2 Kxh5 46. Kd3 Kg4
47. Kc4 Kf3 48. Kd5 0-1

[Event "28th Pula Open 2014"]
[Site "Pula CRO"]
[Date "2014.06.09"]
[Round "3.23"]
[White "Pasalic, Enio"]
[Black "Doncevic, Dario"]
[Result "0-1"]
[BlackTitle "IM"]
[WhiteElo "2041"]
[BlackElo "2294"]
[WhiteFideId "14513439"]
[BlackFideId "14504553"]
[EventDate "2014.06.07"]
[EventType "swiss"]

1. d4 Nf6 2. c4 g6 3. Nc3 d5 4. Bg5 Ne4 5. Bh4 Nxc3 6. bxc3 dxc4 7. e3 Be6 8.
Nf3 Bg7 9. Be2 c6 10. O-O Nd7 11. Ng5 Bd5 12. e4 h6 13. exd5 hxg5 14. dxc6 gxh4
15. cxd7+ Qxd7 16. Bxc4 Rc8 17. Qb3 O-O 18. Rac1 Rc7 19. Bd3 Qg4 20. h3 Qf4 21.
Rce1 Rfc8 22. Re4 Qd6 23. Rxh4 Rxc3 24. Qxb7 Bxd4 25. Ba6 Rd8 26. Re4 Rd7 27.
Qa8+ Kg7 28. Bb5 Rd8 29. Qb7 Rxh3 30. Rfe1 Bxf2+ 31. Kxf2 Qg3+ 32. Kg1 Rdh8 0-1